[Event "Poznan op 27th"]
[Site "Poznan"]
[Date "2019.08.21"]
[Round "5"]
[White "Geselle, Roman"]
[Black "Szymanski, Zbigniew"]
[Result "1/2-1/2"]
[WhiteElo "1402"]
[BlackElo "1832"]
[PlyCount "120"]
[EventDate "2019.08.18"]
[EventType "swiss"]
[EventRounds "9"]
[EventCountry "POL"]
[SourceTitle "EXT 2020"]
[Source "ChessBase"]
[SourceDate "2019.10.17"]
[SourceVersion "1"]
[SourceVersionDate "2019.10.17"]
[SourceQuality "1"]

1. d4 g6 2. Nf3 Bg7 3. e3 d6 4. Bb5+ c6 5. Bc4 d5 6. Bd3 Nf6 7. 0-0 0-0 8. c4 Nbd7 9. Nc3 Re8 10. cxd5 Nxd5 11. Nxd5 cxd5 12. Bd2 Nf6 13. Qb3 b6 14. Rac1 Bb7 15. Ne5 Rc8 16. Rxc8 Qxc8 17. Rc1 Qa8 18. Bb4 Rc8 19. Rxc8+ Qxc8 20. Bxe7 Ng4 21. Nxg4 Qc1+ 22. Bf1 Ba6 23. h3 Qxf1+ 24. Kh2 h5 25. Nf6+ Bxf6 26. Bxf6 Qxf2 27. Be5 Bc4 28. Qa4 b5 29. Qxa7 f6 30. Qb8+ Kg7 31. Qc7+ Kh6 32. Bg3 Qxb2 33. Qf7 Qc2 34. Bf4+ g5 35. Qxf6+ Qg6 36. Bxg5+ Kh7 37. Qe7+ Qg7 38. a3 Qxe7 39. Bxe7 Kg6 40. Kg3 Kf5 41. Kf3 Bf1 42. Bd8 Bd3 43. g4+ hxg4+ 44. hxg4+ Ke6 45. Kf4 Bg6 46. Kg5 Kf7 47. Bc7 Be4 48. Kf4 Bg6 49. Ke5 Be4 50. Kd6 Bf3 51. g5 Kg6 52. Bd8 Kf5 53. Kc5 Be2 54. Kxd5 Bc4+ 55. Kc5 Ke4 56. g6 Kxe3 57. d5 Ke4 58. d6 Kf5 59. g7 Kg6 60. g8Q+ Bxg8 1/2-1/2

[Event "Poznan op 26th"]
[Site "Poznan"]
[Date "2018.08.24"]
[Round "7"]
[White "Chaczynski, Kamil"]
[Black "Geselle, Roman"]
[Result "1-0"]
[WhiteElo "1760"]
[BlackElo "1461"]
[PlyCount "57"]
[EventDate "2018.08.19"]
[EventType "swiss"]
[EventRounds "9"]
[EventCountry "POR"]
[SourceTitle "CBM 186 Extra"]
[Source "ChessBase"]
[SourceDate "2018.08.24"]
[SourceVersion "1"]
[SourceVersionDate "2018.08.24"]
[SourceQuality "1"]

1. e4 Nf6 2. e5 Nd5 3. d4 d6 4. Nf3 Bg4 5. Be2 e6 6. 0-0 Nc6 7. c4 Nb6 8. Nc3 Be7 9. exd6 cxd6 10. Be3 Rc8 11. b3 0-0 12. Rc1 d5 13. c5 Nd7 14. b4 b6 15. Ba6 Rb8 16. b5 Nb4 17. c6 Nf6 18. Bb7 Bf5 19. Ne5 Bd6 20. a3 Nc2 21. Rxc2 Bxc2 22. Qxc2 Bxa3 23. Bg5 Qc7 24. Bxf6 gxf6 25. Nd7 Bd6 26. f4 Bxf4 27. Nxf6+ Kg7 28. Rxf4 Kh8 29. Qxh7# 1-0

[Event "Poznan op 26th"]
[Site "Poznan"]
[Date "2018.08.19"]
[Round "1"]
[White "Michalski, Karol"]
[Black "Geselle, Roman"]
[Result "1-0"]
[WhiteElo "1983"]
[BlackElo "1461"]
[PlyCount "47"]
[EventDate "2018.08.19"]
[EventType "swiss"]
[EventRounds "9"]
[EventCountry "POR"]
[SourceTitle "CBM 186 Extra"]
[Source "ChessBase"]
[SourceDate "2018.08.24"]
[SourceVersion "1"]
[SourceVersionDate "2018.08.24"]
[SourceQuality "1"]

1. d4 d5 2. c4 Nf6 3. Nc3 c6 4. Nf3 h6 5. e3 Bg4 6. Qc2 e6 7. Bd3 dxc4 8. Bxc4 Bf5 9. e4 Bh7 10. a3 Be7 11. Rg1 Nbd7 12. g4 g5 13. h4 Nd5 14. Ne2 gxh4 15. Bd3 N5b6 16. Nf4 Bg5 17. b4 Qf6 18. e5 Bxd3 19. Qxd3 Qe7 20. b5 c5 21. Qe4 0-0-0 22. a4 cxd4 23. Ba3 Qe8 24. Rc1+ 1-0

[Event "Poznan op 25th"]
[Site "Poznan"]
[Date "2017.08.27"]
[Round "9"]
[White "Wolniaczyk, Daria"]
[Black "Geselle, Roman"]
[Result "1-0"]
[WhiteElo "1629"]
[BlackElo "1429"]
[PlyCount "115"]
[EventDate "2017.08.20"]
[EventType "swiss"]
[EventRounds "9"]
[EventCountry "POL"]
[SourceTitle "CBM 180 Extra"]
[Source "ChessBase"]
[SourceDate "2017.10.06"]
[SourceVersion "1"]
[SourceVersionDate "2017.10.06"]
[SourceQuality "1"]

1. e4 Nf6 2. e5 Nd5 3. d4 Nc6 4. c4 Nb6 5. Nc3 d6 6. exd6 exd6 7. h3 Be7 8. Nf3 0-0 9. Bd3 Bf6 10. Be3 Re8 11. 0-0 Ne7 12. Qc2 Ng6 13. Rfe1 Be6 14. Ne2 c6 15. Ng3 Be7 16. a4 a5 17. Re2 d5 18. c5 Nd7 19. Rc1 Rf8 20. Bd2 Qc7 21. Ng5 Bxg5 22. Bxg5 h6 23. Bxg6 hxg5 24. Bf5 Bxf5 25. Qxf5 Qf4 26. Qxf4 gxf4 27. Nh5 Rfe8 28. Rce1 Rxe2 29. Rxe2 Kf8 30. Nxf4 Nf6 31. f3 Re8 32. Kf2 Rxe2+ 33. Kxe2 Ke7 34. g4 Nh7 35. h4 Kf6 36. Nd3 Nf8 37. f4 Ne6 38. Ke3 g6 39. b4 axb4 40. Nxb4 Ke7 41. a5 Ng7 42. a6 bxa6 43. Nxc6+ Ke6 44. Kf3 f5 45. g5 Ne8 46. Ke3 Nc7 47. Ne5 a5 48. Nxg6 a4 49. Kd3 Nb5 50. h5 Kf7 51. Ne5+ Kg7 52. Kc2 a3 53. Kb3 Nxd4+ 54. Kxa3 Ne6 55. c6 d4 56. Kb4 Kh7 57. Kc4 Kg7 58. Kd5 1-0

[Event "Poznan op 25th"]
[Site "Poznan"]
[Date "2017.08.25"]
[Round "7"]
[White "Lisiecki, Robert"]
[Black "Geselle, Roman"]
[Result "1-0"]
[WhiteElo "1772"]
[BlackElo "1429"]
[PlyCount "71"]
[EventDate "2017.08.20"]
[EventType "swiss"]
[EventRounds "9"]
[EventCountry "POL"]
[SourceTitle "CBM 180 Extra"]
[Source "ChessBase"]
[SourceDate "2017.10.06"]
[SourceVersion "1"]
[SourceVersionDate "2017.10.06"]
[SourceQuality "1"]

1. e4 Nf6 2. Nc3 e5 3. Nf3 d6 4. Bc4 h6 5. d3 Bg4 6. Be3 Be7 7. a3 0-0 8. Qd2 Kh7 9. 0-0-0 Ng8 10. h3 Be6 11. g4 Bxc4 12. dxc4 f6 13. h4 g6 14. Rdg1 c6 15. Ne2 Nd7 16. Ng3 Rf7 17. Nh2 Nb6 18. Qe2 Nd7 19. g5 fxg5 20. h5 gxh5 21. Nxh5 Ndf6 22. Ng3 Bf8 23. Nf3 Kg6 24. Bxg5 hxg5 25. Nxg5 Bh6 26. Rxh6+ Nxh6 27. Nf5 Nfg4 28. Nxf7 Kxf7 29. Nxh6+ Ke7 30. Qxg4 Qf8 31. Nf5+ Kd8 32. Qg7 Qxg7 33. Rxg7 Rc8 34. Nxd6 Rc7 35. Rxc7 Kxc7 36. Nf7 1-0